000 00773nam a22002417a 4500
003 UA-OsUOA
001 31098
007 ta
008 20041202b un ||||| |||| 00| 0 ukr d
090 _a930.25(477)
_bК60
942 _cBK
040 _aUA-OsUOA
_bukr
_cUA-OsUOA
_dUA-OsUOA
245 _aКолекція та архів єпископа Павла Доброхотова
_bнауково-довідкове видання з історії України
_cУпоряд. В. І.Ульяновський
300 _a218 с.
955 _a0
041 _aukr
080 _a930.25(477)
260 _aКиїв
_bІнститут української археографії
_c1992
246 3 1 _aВип. 17
_n
044 _aUA
650 7 _2UDC
999 _c317519
_d317519